000 00594nam a22002057a 4500
999 _c3621
_d3621
003 AR-CdUCM
008 190306b ||||| |||| 00| 0 spa d
040 _aMUNICIPALIDAD PROVINCIAL DEL CUSCO
_cBIBLIOTECA MUNICIPAL DEL CUSCO
082 _a869.26 /
_bB74
100 _aBorges, Jorge Luis
_92792
245 _aHistoria de la eternidad /
260 _aBuenos Aires :
_bEmecé,
_c1953.
300 _a156 paginas ;
_c19 cm.
505 _aNovela.
650 _aEnsayos argentinos
_911026
650 _aSiglo XX.
_98
650 _aLiteratura Argentina
_984
942 _2ddc
_cLIBROS
945 _aacv